[Event "SRI-ch (Women)"]
[Site "Malabe"]
[Date "2015.07.13"]
[Round "13"]
[White "Wickramasinghe, Dilhara Ishini"]
[Black "Rajapaksa, Miyuni Kavinya"]
[Result "1-0"]
[WhiteElo "1674"]
[BlackElo "1591"]
[PlyCount "69"]
[EventDate "2015.07.04"]
[EventType "tourn"]
[EventRounds "13"]
[EventCountry "SRI"]
[SourceTitle "CBM 167 Extra"]
[Source "ChessBase"]
[SourceDate "2015.09.14"]
[SourceVersion "1"]
[SourceVersionDate "2015.09.14"]
[SourceQuality "1"]

1. d4 d5 2. c4 dxc4 3. e3 e5 4. Bxc4 exd4 5. exd4 Nf6 6. Nf3 Be7 7. 0-0 0-0 8. h3 Nbd7 9. Nc3 Nb6 10. Bb3 c6 11. Re1 h6 12. Qd3 Re8 13. Bxh6 Nbd5 14. Nxd5 Nxd5 15. Bd2 g6 16. Ne5 Bf5 17. Qf3 Kg7 18. Bh6+ Kg8 19. g4 Be6 20. Bd2 Kg7 21. Rad1 Rh8 22. Nd3 Bd6 23. Nc5 Bxc5 24. dxc5 Rh7 25. Bc3+ Kg8 26. Bc2 Qh4 27. Bxg6 fxg6 28. Rxe6 Rf7 29. Rxg6+ Kf8 30. Bg7+ Ke8 31. Re6+ Ne7 32. Bf6 Qh7 33. Rxe7+ Rxe7 34. Bxe7 Qxe7 35. Qd3 1-0

[Event "SRI-ch (Women)"]
[Site "Malabe"]
[Date "2015.07.12"]
[Round "12"]
[White "Rajapaksa, Miyuni Kavinya"]
[Black "De Silva, Chamindra"]
[Result "1-0"]
[WhiteElo "1591"]
[BlackElo "1544"]
[PlyCount "107"]
[EventDate "2015.07.04"]
[EventType "tourn"]
[EventRounds "13"]
[EventCountry "SRI"]
[SourceTitle "CBM 167 Extra"]
[Source "ChessBase"]
[SourceDate "2015.09.14"]
[SourceVersion "1"]
[SourceVersionDate "2015.09.14"]
[SourceQuality "1"]

1. e4 c5 2. Nf3 d6 3. d4 cxd4 4. Nxd4 Nf6 5. Nc3 a6 6. Be3 e5 7. Nf3 Be6 8. Ng5 Qc8 9. Na4 Nbd7 10. Nxe6 fxe6 11. Nc3 Qc6 12. Be2 d5 13. exd5 exd5 14. Bf3 Bb4 15. Bd2 Bxc3 16. Bxc3 0-0 17. 0-0 Rac8 18. Rc1 b6 19. Bb4 Rfe8 20. c4 e4 21. Be2 a5 22. Ba3 Kh8 23. cxd5 Qxd5 24. Qa4 Rxc1 25. Rxc1 Qd2 26. Qd1 e3 27. f3 Nd5 28. Qxd2 exd2 29. Rc2 Nf4 30. Bd1 Re1+ 31. Kf2 Nd3+ 32. Kg3 Nf6 33. Rxd2 Re3 34. Rc2 Ne4+ 35. Kh4 g5+ 36. Kh5 Nf4+ 37. Kh6 Nd6 38. Bxd6 Re6+ 39. Kxg5 Rxd6 40. Kxf4 Rxd1 41. g4 Rd6 42. h4 Kg7 43. Ke5 Rf6 44. Rc7+ Rf7 45. Rxf7+ Kxf7 46. f4 Ke7 47. g5 Kf7 48. f5 Kg7 49. Ke6 b5 50. Ke7 b4 51. h5 b3 52. f6+ Kg8 53. f7+ Kg7 54. f8Q# 1-0

[Event "SRI-ch (Women)"]
[Site "Malabe"]
[Date "2015.07.11"]
[Round "10"]
[White "Rajapaksa, Miyuni Kavinya"]
[Black "Saumy, Zainab"]
[Result "1/2-1/2"]
[WhiteElo "1591"]
[BlackElo "1570"]
[PlyCount "77"]
[EventDate "2015.07.04"]
[EventType "tourn"]
[EventRounds "13"]
[EventCountry "SRI"]
[SourceTitle "CBM 167 Extra"]
[Source "ChessBase"]
[SourceDate "2015.09.14"]
[SourceVersion "1"]
[SourceVersionDate "2015.09.14"]
[SourceQuality "1"]

1. e4 e6 2. d4 d5 3. Nc3 Bb4 4. e5 c5 5. a3 Ba5 6. b4 cxd4 7. Qg4 Ne7 8. bxa5 dxc3 9. Qxg7 Rg8 10. Qxh7 Qxa5 11. f4 Nbc6 12. Ne2 Bd7 13. Qd3 Rc8 14. Rb1 Nd8 15. h3 a6 16. g4 Bb5 17. Qe3 Ba4 18. Qd3 Rc4 19. Ng3 Ng6 20. Nh5 Ke7 21. Be3 Rc6 22. Qd1 b6 23. Qd3 Bb5 24. Qd4 Bxf1 25. Kxf1 b5 26. Nf6 Kf8 27. f5 Rc4 28. Bh6+ Rg7 29. Qe3 exf5 30. gxf5 Qxa3 31. fxg6 Qa2 32. Qc1 Rh4 33. Kg2 Rxh6 34. Qxh6 Qxc2+ 35. Kf3 Qf5+ 36. Qf4 Qd3+ 37. Qe3 Qf5+ 38. Qf4 Qd3+ 39. Qe3 1/2-1/2

[Event "SRI-ch (Women)"]
[Site "Malabe"]
[Date "2015.07.05"]
[Round "4"]
[White "Ranasinghe, Sasini Dulanga"]
[Black "Rajapaksa, Miyuni Kavinya"]
[Result "0-1"]
[WhiteElo "1783"]
[BlackElo "1591"]
[PlyCount "52"]
[EventDate "2015.07.04"]
[EventType "tourn"]
[EventRounds "13"]
[EventCountry "SRI"]
[SourceTitle "CBM 167 Extra"]
[Source "ChessBase"]
[SourceDate "2015.09.14"]
[SourceVersion "1"]
[SourceVersionDate "2015.09.14"]
[SourceQuality "1"]

1. c4 e5 2. Nc3 Nf6 3. g3 d5 4. cxd5 Nxd5 5. Bg2 Nb6 6. Nf3 Nc6 7. 0-0 Be7 8. d3 g5 9. Nd2 f5 10. Nc4 Bf6 11. e4 Be6 12. exf5 Bxf5 13. Ne4 h5 14. Nxb6 axb6 15. Nxf6+ Qxf6 16. Be3 0-0-0 17. Qa4 Kb8 18. Rfc1 Nd4 19. Kh1 h4 20. Qc4 Rd7 21. Rc3 hxg3 22. Ra3 Rxh2+ 23. Kg1 Rxg2+ 24. Kxg2 Bh3+ 25. Kxh3 Rh7+ 26. Kg2 Qf3+ 0-1

[Event "SRI-chB (Women)"]
[Site "Malabe"]
[Date "2015.06.27"]
[Round "8"]
[White "Rajapaksa, Miyuni Kavinya"]
[Black "Udupitiya, UGSSS"]
[Result "1/2-1/2"]
[WhiteElo "1583"]
[BlackElo "1701"]
[PlyCount "53"]
[EventDate "2015.05.19"]
[EventType "swiss"]
[EventRounds "10"]
[EventCountry "SRI"]
[SourceTitle "EXT 2016"]
[Source "ChessBase"]
[SourceDate "2015.10.08"]
[SourceVersion "1"]
[SourceVersionDate "2015.10.08"]
[SourceQuality "1"]

1. e4 c5 2. Nf3 d6 3. d4 cxd4 4. Nxd4 Nf6 5. Nc3 a6 6. Be3 e5 7. Nf3 Be7 8. Bc4 Qc7 9. Bb3 b5 10. h3 0-0 11. 0-0 Nbd7 12. Re1 Nb6 13. Bg5 h6 14. Bxf6 Bxf6 15. Nd5 Nxd5 16. Bxd5 Rb8 17. Nh2 Be6 18. c3 Qc5 19. Ng4 Bh4 20. Ne3 Bg5 21. Bb3 a5 22. Nf5 Rfd8 23. h4 Bf6 24. Qg4 Kh8 25. Bxe6 fxe6 26. Ng3 Rf8 27. Nh5 1/2-1/2

[Event "SRI-chB (Women)"]
[Site "Malabe"]
[Date "2015.06.21"]
[Round "6"]
[White "Rajapaksa, Miyuni Kavinya"]
[Black "Yapa Bandara, Chamodya"]
[Result "1-0"]
[WhiteElo "1583"]
[BlackElo "1460"]
[PlyCount "55"]
[EventDate "2015.05.19"]
[EventType "swiss"]
[EventRounds "10"]
[EventCountry "SRI"]
[SourceTitle "EXT 2016"]
[Source "ChessBase"]
[SourceDate "2015.10.08"]
[SourceVersion "1"]
[SourceVersionDate "2015.10.08"]
[SourceQuality "1"]

1. e4 c5 2. Nf3 d6 3. d4 cxd4 4. Nxd4 Nf6 5. Nc3 a6 6. Be3 e5 7. Nf3 Qc7 8. Qd2 h6 9. h3 Be7 10. Be2 Be6 11. Nh2 Nbd7 12. f3 Nh5 13. 0-0-0 Ng3 14. Rhe1 Nxe2+ 15. Rxe2 b5 16. Nd5 Bxd5 17. exd5 Nc5 18. Ng4 Kd7 19. Qc3 Rhc8 20. f4 exf4 21. Bxc5 Qxc5 22. Qxg7 Rf8 23. Nxh6 Qc4 24. Rde1 Rae8 25. Nf5 Bf6 26. Qxf6 Rxe2 27. Qxd6+ Ke8 28. Ng7# 1-0